000 00657nam a22002177a 4500
999 _c6525
_d6525
003 AR-CdUCM
008 190318b ||||| |||| 00| 0 spa d
020 _a950-13-2544-x
040 _aMUNICIPALIDAD PROVINCIAL DEL CUSCO
_cBIBLIOTECA MUNICIPAL DEL CUSCO
082 _210ed.
_a909 /
_bSE33
100 _aSecco Ellauri, Oscar
_916085
245 _aHistoria universal /
260 _aBuenos Aires :
_bKapeluz,
_c1972.
300 _a6 tomos ;
_bilustraciones ;
_c20 cm.
505 _aContenido: t.1: Oriente.
650 _aHistoria
_9136
650 _aCivilizaciones
_918217
700 _aBaridon, Pedro Daniel
_918445
942 _2ddc
_cLIBROS
945 _azta